Animaux de A à Z - Statistiques

Statistiques générales
  • Ce quiz a été pris 283 fois
  • Le résultat moyen est 20 sur 26
Statistiques - réponses
Lettres Indices Animaux % Correct
C Maître du camouflage, cet animal change de couleur. Caméléon
98%
A Cet oiseau majestueux a une vue perçante et est souvent un symbole de liberté. Aigle
96%
E Plus grand mammifère terrestre, il a une mémoire impressionnante. Eléphant
95%
J Un félin puissant qui vit principalement en Amérique centrale et du Sud. Jaguar
93%
Z Son pelage rayé noir et blanc est facilement reconnaissable dans la savane africaine. Zèbre
92%
T Grand félin rayé, il est souvent associé à l’Asie. Tigre
91%
G Ce grand singe vit en troupeaux dans les forêts d’Afrique. Gorille
90%
L Connu pour cracher quand il est contrarié, il vit principalement en Amérique du Sud. Lama
90%
P Il est connu pour sa lenteur et passe la plupart de son temps suspendu aux branches. Paresseux
90%
F Il se distingue par sa couleur rose et ses longues pattes fines. Flamant rose
89%
I Un reptile qui aime les régions chaudes et peut se camoufler. Iguane
88%
K Cet animal marsupial vit en Australie et dort environ 20 heures par jour. Koala
88%
R Cet animal au corps massif possède une ou deux cornes sur le nez. Rhinocéros
88%
N Surnommé “la licorne des mers”, il a une longue défense en spirale. Narval
84%
V Un oiseau charognard qui joue un rôle important dans l’écosystème. Vautour
84%
H Petit animal avec des piquants qu’il utilise pour se protéger. Hérisson
82%
M Un oiseau qui ne vole pas, mais qui est excellent nageur et vit en Antarctique. Manchot
82%
S Petit mammifère qui se tient souvent debout pour surveiller les environs. Suricate
78%
Y Animal poilu vivant en haute montagne, notamment dans l’Himalaya. Yak
75%
B Ce cétacé blanc vit dans les eaux arctiques et émet de nombreux sons. Béluga
68%
D Célèbre pour son intelligence, il est souvent aperçu près des côtes en train de faire des sauts. Dauphin
68%
O Un mammifère qui pond des œufs, avec un bec de canard et des pattes palmées. Ornithorynque
59%
W Un proche parent du kangourou, mais en plus petit. Wallaby
51%
Q Petit marsupial australien célèbre pour son “sourire”. Quokka
25%
X Écureuil de terre africain, il aime les climats arides. Xérus
22%
U Sorte de mouton sauvage avec des cornes recourbées, que l’on trouve en Asie centrale. Urial
6%
Aucun quiz correspondant
Distribution des résultats
% des personnes avec chaque résultat
Percentile par nombre de réponses
Votre historique - résultats
Vous n’avez pas pris ce quiz